01439nam a2200337 a 4500001001000000003000900010005001700019007001000036008003300046040002600079082002900105092001600134100002800150245011300178260004500291300002700336500006600363590002600429650003600455650003600491700002800527700004600555910004000601942001200641952012900653952013400782952013400916956001801050956001801068999001501086000028986DO-SdBPM20250127085137.0000028986110413s2006 dr 000 0 spa d aDO-SdBPMbspacBPMSU  4aRD863.44bB739l 2006222 axxxxbB739l1 aBort, Fiordalisad1945-10aLéeme un cuento mami /cFiordalisa Bort; edición Isael Pérez. ; ilustración Cristóbal Rodríguez  aSanto Domingo :bEditora Búho, c2006. a30 p. :bil. ;c22 cm. aIncluye datos biográficos de la autora en la contracubierta aInventariado, 2024/VM 4aCuentos infantiles dominicanos  4aLiteratura infantil dominicana 1 aPérez, Isaeleeditor 1 aRodríguez, Cristóbale ilustración  aVMateo V. Control de calidad. BPMSU 2ddccBK 00102ddc40708CI-DaBPMETbBPMETd2015-02-17l0oBPMSU CDI RD863.44 B739l 2006pBPMSU15041364r2015-02-17w2015-02-17yBK 00102ddc40708CI-DaBPMETbBPMETd2015-02-17l0oBPMSU CDI RD863.44 B739l 2006pBPMSU15041365r2015-02-17te.2w2015-02-17yBK 00102ddc40708CI-DaBPMETbBPMETd2015-02-17l0oBPMSU CDI RD863.44 B739l 2006pBPMSU15041366r2015-02-17te.3w2015-02-17yBK a b c l h  a b c l h  c7432d7432